000 00759nam a2200181 i 4500
001 164101
003 ES-MaACL
005 20230906212854.0
008 021004s1888 sp |||| | spa d
040 _aCCPB | B
_bspa
_cCCPB | B
100 1 _aRubio y Giles, Joaquín.
_9132150
245 1 0 _aDiscurso leído ante el Claustro de la Facultad de Medicina de Madrid /
_cpor Joaquín Rubio y Giles.
260 _aMadrid :
_b[s.n.],
_c1888 (
_flitografía de P. Sanz calleja)
300 _a16 p. ;
_c22 cm.
594 _aEn p. 2 consta que el tít. es : "Tratamiento del empiema"
650 4 _aAparato respiratorio-
_xEnfermedades-
_xTratamiento.
_9135586
852 _aES-MaACL
_jT-528-F-11
_z-- Enc. hol. conservando la cub. original
_z-- Enc. en un vol. facticio
999 _c164101
_d164101